<?xml version="1.0" encoding="UTF-8"?><?xml-stylesheet type="text/xsl" href="static/style.xsl"?><OAI-PMH xmlns="http://www.openarchives.org/OAI/2.0/" xmlns:xsi="http://www.w3.org/2001/XMLSchema-instance" xsi:schemaLocation="http://www.openarchives.org/OAI/2.0/ http://www.openarchives.org/OAI/2.0/OAI-PMH.xsd"><responseDate>2026-06-01T06:29:07Z</responseDate><request verb="GetRecord" identifier="oai:riuma.uma.es:10630/33914" metadataPrefix="marc">https://riuma.uma.es/rest/oai/request</request><GetRecord><record><header><identifier>oai:riuma.uma.es:10630/33914</identifier><datestamp>2026-02-03T11:26:05Z</datestamp><setSpec>com_10630_2254</setSpec><setSpec>col_10630_37953</setSpec></header><metadata><record xmlns="http://www.loc.gov/MARC21/slim" xmlns:dcterms="http://purl.org/dc/terms/" xmlns:doc="http://www.lyncode.com/xoai" xmlns:xsi="http://www.w3.org/2001/XMLSchema-instance" xsi:schemaLocation="http://www.loc.gov/MARC21/slim http://www.loc.gov/standards/marcxml/schema/MARC21slim.xsd">
   <leader>00925njm 22002777a 4500</leader>
   <datafield ind2=" " ind1=" " tag="042">
      <subfield code="a">dc</subfield>
   </datafield>
   <datafield ind2=" " ind1=" " tag="720">
      <subfield code="a">Barredo Ibáñez, Daniel</subfield>
      <subfield code="e">author</subfield>
   </datafield>
   <datafield ind2=" " ind1=" " tag="720">
      <subfield code="a">Molina Rodríguez, Pedro</subfield>
      <subfield code="e">author</subfield>
   </datafield>
   <datafield ind2=" " ind1=" " tag="720">
      <subfield code="a">Rodríguez Breijo, Vanessa</subfield>
      <subfield code="e">author</subfield>
   </datafield>
   <datafield ind2=" " ind1=" " tag="720">
      <subfield code="a">Medranda Morales, Narcisa Jessenia</subfield>
      <subfield code="e">author</subfield>
   </datafield>
   <datafield ind2=" " ind1=" " tag="260">
      <subfield code="c">2022</subfield>
   </datafield>
   <datafield ind2=" " ind1=" " tag="520">
      <subfield code="a">Transparency and public accountability are two essential aspects of public administrations because they help to prevent possible cases of corruption and encourage citizen participation. In this sense, transparency is a communicative, not merely administrative or legal, process between public institutions and citizens. The main objective of this study is to identify predictive factors of transparency in government healthcare centers in Chile, Colombia, Ecuador, and Spain in 2021. To do this, we analyzed the websites of 64 public administrations from these countries. Content analysis was applied to assess the presence of 24 indicators on each website. The results for the studied cases reveal an association between the level of transparency and three factors: healthcare systems, internet access, and administration levels. We also identified a predictive factor that should be considered in future studies on the transparency of healthcare websites: the likelihood of decreased transparency was reduced by 91% for public healthcare systems (Ecuador and Spain) as opposed to mixed public -private healthcare systems (Chile and Colombia). We thereby conclude that the involvement of the State, at least in matters related to the healthcare field, favors greater access to information by the community, at the same time as providing greater social responsibility because of substantial communication of the activities carried out by these centers, as well as how and by whom.</subfield>
   </datafield>
   <datafield ind1="8" ind2=" " tag="024">
      <subfield code="a">Barredo-Ibáñez, D., Molina-Rodríguez-Navas, P., Rodríguez-Breijo, V., &amp; Medranda-Morales, N. (2022). Transparency of government healthcare websites: a predictive model based on the main public administrations of Chile, Colombia, Ecuador, and Spain. Profesional de la información, 31(1), e310104. https://doi.org/10.3145/epi.2022.ene.04</subfield>
   </datafield>
   <datafield ind1="8" ind2=" " tag="024">
      <subfield code="a">https://hdl.handle.net/10630/33914</subfield>
   </datafield>
   <datafield ind1="8" ind2=" " tag="024">
      <subfield code="a">10.3145/epi.2022.ene.04</subfield>
   </datafield>
   <datafield tag="653" ind2=" " ind1=" ">
      <subfield code="a">Administración pública</subfield>
   </datafield>
   <datafield ind2="0" ind1="0" tag="245">
      <subfield code="a">Transparency of government healthcare websites: a predictive model based on the main public administrations of Chile, Colombia, Ecuador, and Spain</subfield>
   </datafield>
</record>
</metadata></record></GetRecord></OAI-PMH>